100 años de deporte (Record no. 149515)

MARC details
000 -LEADER
campo de control de longitud fija 00836nam a2200205 i 4500
001 - NÚMERO DE CONTROL
campo de control 149515
003 - IDENTIFICADOR DE NÚMERO DE CONTROL
campo de control ES-MaACL
005 - FECHA Y HORA DE LA ÚLTIMA TRANSACCIÓN
campo de control 20240502063045.0
007 - CAMPO FIJO DE DESCRIPCIÓN FÍSICA--INFORMACIÓN GENERAL
campo de control de longitud fija t|
008 - DATOS DE LONGITUD FIJA--INFORMACIÓN GENERAL
campo de control de longitud fija 071023s1972 sp ||||1| spa d
100 0# - ENTRADA PRINCIPAL--NOMBRE DE PERSONA
Nombre de persona Vázquez Montalbán, Manuel,
Fechas asociadas al nombre 1939-
9 (RLIN) 113463
245 10 - MENCIÓN DEL TÍTULO
Título 100 años de deporte
Resto del título : del esfuerzo individual al espectáculo de masas /
Mención de responsabilidad, etc. Manuel Vázquez Montalbán, prólogo y textos ; Andrés Mercé Varela, estudio sobre el deporte... ; Joaquín Ibarz Ibars, cronología y documentación gráfica.
260 ## - PUBLICACIÓN, DISTRIBUCIÓN, ETC.
Lugar de publicación, distribución, etc. Barcelona :
Nombre del editor, distribuidor, etc. Difusora Internacional,
Fecha de publicación, distribución, etc. [1972]
300 ## - DESCRIPCIÓN FÍSICA
Extensión 544 p. :
Otras características físicas il. ;
Dimensiones 32 cm.
650 14 - PUNTO DE ACCESO ADICIONAL DE MATERIA--TÉRMINO DE MATERIA
Término de materia o nombre geográfico como elemento de entrada Deportes-
Subdivisión de forma Historia.
9 (RLIN) 11593
700 1# - ENTRADA AGREGADA--NOMBRE PERSONAL
Nombre de persona Mercé Varela, Andrés.
9 (RLIN) 80448
700 1# - ENTRADA AGREGADA--NOMBRE PERSONAL
Nombre de persona Ibarz Ibars, Joaquín.
9 (RLIN) 64982
852 ## - LOCALIZACIÓN
Ubicación ES-MaACL
Número de control de estantería C-43265
Sublocalización o colección R.82519
Holdings
Estatus retirado Estado de pérdida Estado de daño No para préstamo Biblioteca de origen Biblioteca actual Ubicación en estantería Fecha de adquisición Fuente de adquisición Total de préstamos Signatura topográfica completa Código de barras Visto por última vez Precio de reemplazo Tipo de ítem Koha
        Biblioteca del Ateneo de Madrid Biblioteca del Ateneo de Madrid Depósito 2 17/01/2008     C-43265 1156024 23/02/2023 23/02/2023 Libro impreso